De tierra soy y con palabras canto. Guía para el correcto uso del idioma
محفوظ في:
| المؤلف الرئيسي: | |
|---|---|
| التنسيق: | كتاب |
| اللغة: | الإنجليزية |
| منشور في: |
Santiago, Chile:
Ediciones UC,
2016
|
| الموضوعات: | |
| الوسوم: |
إضافة وسم
لا توجد وسوم, كن أول من يضع وسما على هذه التسجيلة!
|
MARC
| LEADER | 00000nam a22000007a 4500 | ||
|---|---|---|---|
| 003 | CL-VaPUC | ||
| 005 | 20250505103427.0 | ||
| 008 | 220603b2016 ||||| |||| 00| 0 eng d | ||
| 999 | |c 435785 |d 435783 | ||
| 020 | |a 978-956-14-1973-5 | ||
| 040 | |c Pontificia Universidad Católica de Valparaíso | ||
| 082 | |a 465 RAM 2016 | ||
| 100 | |a Ramírez Capello, Enrique |9 425712 |e autor | ||
| 245 | |a De tierra soy y con palabras canto. |b Guía para el correcto uso del idioma | ||
| 260 | |a Santiago, Chile: |b Ediciones UC, |c 2016 | ||
| 300 | |a 145 páginas | ||
| 500 | |a c.1 Donación Escuela Periodismo. 02/06/2022 | ||
| 583 | |c 20220603 |k Catalogador Asistente | ||
| 650 | |a Gramática |x Español |9 870323 | ||
| 650 | |a Ortografía |9 869403 |v Español | ||
| 650 | |a Sintaxis |x Redacción |9 870324 | ||
| 650 | |a Ejercicios |9 269807 | ||
| 942 | |2 ddc |c BK | ||
| 952 | |0 0 |1 0 |2 ddc |4 0 |6 465_000000000000000_RAM_2016 |7 0 |8 A |9 583390 |a BIBCUR |b BIBCUR |c GEN |d 2022-06-03 |e Donación |i 5651527 |o 465 RAM 2016 |p 5651527 |r 2025-04-22 |t 1 |w 2022-06-03 |y BK |k PER | ||
| 952 | |0 0 |1 0 |2 ddc |4 0 |6 465_000000000000000_RAM_2016 |7 0 |8 A |9 583391 |a BIBCUR |b BIBCUR |c GEN |d 2022-06-03 |e Donación |i 5651528 |o 465 RAM 2016 |p 5651528 |r 2025-04-22 |t 2 |w 2022-06-03 |y BK |k PER | ||
| 952 | |0 0 |1 0 |2 ddc |4 0 |6 465_000000000000000_RAM_2016 |7 0 |8 A |9 594319 |a BIBCUR |b BIBCUR |d 2024-04-30 |e 13 |g 15000.00 |i 5660935 |l 1 |o 465 RAM 2016 |p 5660935 |r 2025-04-22 |s 2024-06-06 |t 4 |v 15000.00 |w 2024-04-30 |y BK |k PER | ||
| 952 | |0 0 |1 0 |2 ddc |4 0 |6 465_000000000000000_RAM_2016 |7 0 |8 A |9 594320 |a BIBCUR |b BIBCUR |d 2024-04-30 |e 13 |g 15000.00 |i 5660934 |l 1 |o 465 RAM 2016 |p 5660934 |r 2025-04-22 |s 2024-06-27 |t 3 |v 15000.00 |w 2024-04-30 |y BK |k PER | ||